Kolo času. Prequel, Nové jaro /

Hlavní autor: Jordan, Robert, 1948-2007
Jazyk: Čeština
Vydáno: Ostrava : Fantom Print, 2014
Vydání: 1. vyd.
Témata:
Fyzický popis: 319 s. ; 25 cm
Knihy
Uloženo v:
LEADER 01271nam a2200397 a 4500
001 nkc20152658606
003 CZ PrNK
005 20231018091046.0
007 ta
008 150202s2014 xr g 000 f cze
015 |a cnb002658606 
020 |a 978-80-7398-294-2  |q (váz.) 
035 |a (OCoLC)904580233 
040 |a ABA001  |b cze 
041 1 |a cze  |h eng 
072 7 |a 821.111(73)-3  |x Americká próza  |2 Konspekt  |9 25 
080 |a 821.111(73)-31  |2 MRF 
080 |a (0:82-312.9)  |2 MRF 
100 1 |a Jordan, Robert,  |d 1948-2007  |7 jn20020422021  |4 aut 
245 1 0 |a Kolo času.  |n Prequel,  |p Nové jaro /  |c Robert Jordan ; [překlad Zuzana Hanešková] 
246 3 0 |a Nové jaro 
250 |a 1. vyd. 
260 |a Ostrava :  |b Fantom Print,  |c 2014 
300 |a 319 s. ;  |c 25 cm 
500 |a Přeloženo z angličtiny 
655 7 |a americké romány  |7 fd131796  |2 czenas 
655 7 |a fantasy romány  |7 fd184199  |2 czenas 
655 9 |a American fiction  |2 eczenas 
655 9 |a fantasy novels  |2 eczenas 
765 0 |t New spring  |9 Česky 
787 0 8 |i Z cyklu:  |t Kolo času  |g 0 
910 2 |a BOA001  |b 2-1341.169 
990 |a BK 
995 |a 01 
991 |b 201502  |c NOV  |e b 
996 6 |b 2610620272  |c 2-1341.169  |l MZK  |r Sklad / do 1 hodiny  |n 0  |p p.v.  |w 001487215  |u 000010  |a 1  |e BOA001  |j MZK50  |s P